Differential calculus / (Record no. 4448)

000 -LEADER
fixed length control field 00381nam a22001457a 4500
008 - FIXED-LENGTH DATA ELEMENTS--GENERAL INFORMATION
fixed length control field 200804b ||||| |||| 00| 0 eng d
082 00 - DEWEY DECIMAL CLASSIFICATION NUMBER
Classification number 515.3
Item number K454
100 ## - MAIN ENTRY--PERSONAL NAME
9 (RLIN) 3549
Personal name Khanna, M. L.
245 10 - TITLE STATEMENT
Title Differential calculus /
250 ## - EDITION STATEMENT
Edition statement 17th ed.
260 ## - PUBLICATION, DISTRIBUTION, ETC. (IMPRINT)
Place of publication, distribution, etc Noida:
Name of publisher, distributor, etc Jai Prakash Nath,
Date of publication, distribution, etc 1989
300 ## - PHYSICAL DESCRIPTION
Extent 560 p.
650 #0 - SUBJECT ADDED ENTRY--TOPICAL TERM
Topical term or geographic name as entry element Differential Calculus
942 ## - ADDED ENTRY ELEMENTS (KOHA)
Item type Books
Holdings
Withdrawn status Lost status Source of classification or shelving scheme Damaged status Not for loan Permanent location Current location Date acquired Source of acquisition Cost, normal purchase price Full call number Barcode Date last seen Cost, replacement price Koha item type
Withdrawn         IMU Kolkata IMU Kolkata 1991-06-19 Modern Book Depot 35.00 515.3 K454 07913 2020-08-04 35.00 Books
          IMU Kolkata IMU Kolkata 1991-06-19 Modern Book Depot 35.00 515.3 K454 07914 2020-08-04 35.00 Books
Designed and Maintained by IMU-KC Library, Kolkata Campus © Copyright All Rights Reserved

webs counters

Powered by Koha